<?xml version="1.0" encoding="UTF-8"?>
<record
    xmlns:xsi="http://www.w3.org/2001/XMLSchema-instance"
    xsi:schemaLocation="http://www.loc.gov/MARC21/slim http://www.loc.gov/standards/marcxml/schema/MARC21slim.xsd"
    xmlns="http://www.loc.gov/MARC21/slim">

  <leader>00385nam a2200169Ia 4500</leader>
  <controlfield tag="008">230524s9999    xx            000 0 und d</controlfield>
  <datafield tag="020" ind1=" " ind2=" ">
    <subfield code="a">9781259029837</subfield>
  </datafield>
  <datafield tag="082" ind1=" " ind2=" ">
    <subfield code="a">526.9</subfield>
    <subfield code="b">DUG</subfield>
  </datafield>
  <datafield tag="100" ind1=" " ind2=" ">
    <subfield code="a">S.K.Duggal</subfield>
  </datafield>
  <datafield tag="245" ind1=" " ind2="0">
    <subfield code="a">Surveying Vol-2</subfield>
  </datafield>
  <datafield tag="250" ind1=" " ind2=" ">
    <subfield code="a">4</subfield>
  </datafield>
  <datafield tag="260" ind1=" " ind2=" ">
    <subfield code="a">New Delhi</subfield>
    <subfield code="b">TMH</subfield>
    <subfield code="c">2012</subfield>
  </datafield>
  <datafield tag="300" ind1=" " ind2=" ">
    <subfield code="a">"XIV,512p;"</subfield>
  </datafield>
  <datafield tag="500" ind1=" " ind2=" ">
    <subfield code="a">Quantity Number:  21</subfield>
  </datafield>
  <datafield tag="650" ind1=" " ind2=" ">
    <subfield code="a">Civil</subfield>
  </datafield>
  <datafield tag="942" ind1=" " ind2=" ">
    <subfield code="c">BK</subfield>
  </datafield>
  <datafield tag="952" ind1=" " ind2=" ">
    <subfield code="0">0</subfield>
    <subfield code="1">0</subfield>
    <subfield code="4">0</subfield>
    <subfield code="7">0</subfield>
    <subfield code="a">TATCL</subfield>
    <subfield code="b">TATCL</subfield>
    <subfield code="c">GEN</subfield>
    <subfield code="d">2023-05-24</subfield>
    <subfield code="l">0</subfield>
    <subfield code="o">526.9 DUG</subfield>
    <subfield code="p">52339</subfield>
    <subfield code="r">2023-05-24</subfield>
    <subfield code="t">2</subfield>
    <subfield code="w">2023-05-24</subfield>
    <subfield code="y">BK</subfield>
  </datafield>
  <datafield tag="952" ind1=" " ind2=" ">
    <subfield code="0">0</subfield>
    <subfield code="1">0</subfield>
    <subfield code="4">0</subfield>
    <subfield code="7">0</subfield>
    <subfield code="a">TATCL</subfield>
    <subfield code="b">TATCL</subfield>
    <subfield code="c">GEN</subfield>
    <subfield code="d">2023-05-24</subfield>
    <subfield code="l">0</subfield>
    <subfield code="o">526.9 DUG</subfield>
    <subfield code="p">52513</subfield>
    <subfield code="r">2023-05-24</subfield>
    <subfield code="t">2</subfield>
    <subfield code="w">2023-05-24</subfield>
    <subfield code="y">BK</subfield>
  </datafield>
  <datafield tag="952" ind1=" " ind2=" ">
    <subfield code="0">0</subfield>
    <subfield code="1">0</subfield>
    <subfield code="4">0</subfield>
    <subfield code="7">0</subfield>
    <subfield code="a">TATCL</subfield>
    <subfield code="b">TATCL</subfield>
    <subfield code="c">GEN</subfield>
    <subfield code="d">2023-05-24</subfield>
    <subfield code="l">0</subfield>
    <subfield code="o">526.9 DUG</subfield>
    <subfield code="p">52514</subfield>
    <subfield code="r">2023-05-24</subfield>
    <subfield code="t">2</subfield>
    <subfield code="w">2023-05-24</subfield>
    <subfield code="y">BK</subfield>
  </datafield>
  <datafield tag="952" ind1=" " ind2=" ">
    <subfield code="0">0</subfield>
    <subfield code="1">0</subfield>
    <subfield code="4">0</subfield>
    <subfield code="7">0</subfield>
    <subfield code="a">TATCL</subfield>
    <subfield code="b">TATCL</subfield>
    <subfield code="c">GEN</subfield>
    <subfield code="d">2023-05-24</subfield>
    <subfield code="l">0</subfield>
    <subfield code="o">526.9 DUG</subfield>
    <subfield code="p">52515</subfield>
    <subfield code="r">2023-05-24</subfield>
    <subfield code="t">2</subfield>
    <subfield code="w">2023-05-24</subfield>
    <subfield code="y">BK</subfield>
  </datafield>
  <datafield tag="952" ind1=" " ind2=" ">
    <subfield code="0">0</subfield>
    <subfield code="1">0</subfield>
    <subfield code="4">0</subfield>
    <subfield code="7">0</subfield>
    <subfield code="a">TATCL</subfield>
    <subfield code="b">TATCL</subfield>
    <subfield code="c">GEN</subfield>
    <subfield code="d">2023-05-24</subfield>
    <subfield code="l">1</subfield>
    <subfield code="o">526.9 DUG</subfield>
    <subfield code="p">52516</subfield>
    <subfield code="q">2017-05-30</subfield>
    <subfield code="r">2024-02-02</subfield>
    <subfield code="s">2024-02-02</subfield>
    <subfield code="t">2</subfield>
    <subfield code="w">2023-05-24</subfield>
    <subfield code="y">BK</subfield>
  </datafield>
  <datafield tag="952" ind1=" " ind2=" ">
    <subfield code="0">0</subfield>
    <subfield code="1">0</subfield>
    <subfield code="4">0</subfield>
    <subfield code="7">0</subfield>
    <subfield code="a">TATCL</subfield>
    <subfield code="b">TATCL</subfield>
    <subfield code="c">GEN</subfield>
    <subfield code="d">2023-05-24</subfield>
    <subfield code="l">0</subfield>
    <subfield code="o">526.9 DUG</subfield>
    <subfield code="p">52517</subfield>
    <subfield code="r">2023-05-24</subfield>
    <subfield code="t">2</subfield>
    <subfield code="w">2023-05-24</subfield>
    <subfield code="y">BK</subfield>
  </datafield>
  <datafield tag="952" ind1=" " ind2=" ">
    <subfield code="0">0</subfield>
    <subfield code="1">0</subfield>
    <subfield code="4">0</subfield>
    <subfield code="7">0</subfield>
    <subfield code="a">TATCL</subfield>
    <subfield code="b">TATCL</subfield>
    <subfield code="c">GEN</subfield>
    <subfield code="d">2023-05-24</subfield>
    <subfield code="l">0</subfield>
    <subfield code="o">526.9 DUG</subfield>
    <subfield code="p">52518</subfield>
    <subfield code="r">2023-05-24</subfield>
    <subfield code="t">2</subfield>
    <subfield code="w">2023-05-24</subfield>
    <subfield code="y">BK</subfield>
  </datafield>
  <datafield tag="952" ind1=" " ind2=" ">
    <subfield code="0">0</subfield>
    <subfield code="1">0</subfield>
    <subfield code="4">0</subfield>
    <subfield code="7">0</subfield>
    <subfield code="a">TATCL</subfield>
    <subfield code="b">TATCL</subfield>
    <subfield code="c">GEN</subfield>
    <subfield code="d">2023-05-24</subfield>
    <subfield code="l">0</subfield>
    <subfield code="o">526.9 DUG</subfield>
    <subfield code="p">52519</subfield>
    <subfield code="r">2023-05-24</subfield>
    <subfield code="t">2</subfield>
    <subfield code="w">2023-05-24</subfield>
    <subfield code="y">BK</subfield>
  </datafield>
  <datafield tag="952" ind1=" " ind2=" ">
    <subfield code="0">0</subfield>
    <subfield code="1">0</subfield>
    <subfield code="4">0</subfield>
    <subfield code="7">0</subfield>
    <subfield code="a">TATCL</subfield>
    <subfield code="b">TATCL</subfield>
    <subfield code="c">GEN</subfield>
    <subfield code="d">2023-05-24</subfield>
    <subfield code="l">0</subfield>
    <subfield code="o">526.9 DUG</subfield>
    <subfield code="p">52520</subfield>
    <subfield code="r">2023-05-24</subfield>
    <subfield code="t">2</subfield>
    <subfield code="w">2023-05-24</subfield>
    <subfield code="y">BK</subfield>
  </datafield>
  <datafield tag="952" ind1=" " ind2=" ">
    <subfield code="0">0</subfield>
    <subfield code="1">0</subfield>
    <subfield code="4">0</subfield>
    <subfield code="7">0</subfield>
    <subfield code="a">TATCL</subfield>
    <subfield code="b">TATCL</subfield>
    <subfield code="c">GEN</subfield>
    <subfield code="d">2023-05-24</subfield>
    <subfield code="l">0</subfield>
    <subfield code="o">526.9 DUG</subfield>
    <subfield code="p">52521</subfield>
    <subfield code="r">2023-05-24</subfield>
    <subfield code="t">2</subfield>
    <subfield code="w">2023-05-24</subfield>
    <subfield code="y">BK</subfield>
  </datafield>
  <datafield tag="952" ind1=" " ind2=" ">
    <subfield code="0">0</subfield>
    <subfield code="1">0</subfield>
    <subfield code="4">0</subfield>
    <subfield code="7">0</subfield>
    <subfield code="a">TATCL</subfield>
    <subfield code="b">TATCL</subfield>
    <subfield code="c">GEN</subfield>
    <subfield code="d">2023-05-24</subfield>
    <subfield code="l">0</subfield>
    <subfield code="o">526.9 DUG</subfield>
    <subfield code="p">52522</subfield>
    <subfield code="r">2023-05-24</subfield>
    <subfield code="t">2</subfield>
    <subfield code="w">2023-05-24</subfield>
    <subfield code="y">BK</subfield>
  </datafield>
  <datafield tag="952" ind1=" " ind2=" ">
    <subfield code="0">0</subfield>
    <subfield code="1">0</subfield>
    <subfield code="4">0</subfield>
    <subfield code="7">0</subfield>
    <subfield code="a">TATCL</subfield>
    <subfield code="b">TATCL</subfield>
    <subfield code="c">GEN</subfield>
    <subfield code="d">2023-05-24</subfield>
    <subfield code="l">0</subfield>
    <subfield code="o">526.9 DUG</subfield>
    <subfield code="p">58602</subfield>
    <subfield code="r">2023-05-24</subfield>
    <subfield code="t">2</subfield>
    <subfield code="w">2023-05-24</subfield>
    <subfield code="y">BK</subfield>
  </datafield>
  <datafield tag="952" ind1=" " ind2=" ">
    <subfield code="0">0</subfield>
    <subfield code="1">0</subfield>
    <subfield code="4">0</subfield>
    <subfield code="7">0</subfield>
    <subfield code="a">TATCL</subfield>
    <subfield code="b">TATCL</subfield>
    <subfield code="c">GEN</subfield>
    <subfield code="d">2023-05-24</subfield>
    <subfield code="l">0</subfield>
    <subfield code="o">526.9 DUG</subfield>
    <subfield code="p">58603</subfield>
    <subfield code="r">2023-05-24</subfield>
    <subfield code="t">2</subfield>
    <subfield code="w">2023-05-24</subfield>
    <subfield code="y">BK</subfield>
  </datafield>
  <datafield tag="952" ind1=" " ind2=" ">
    <subfield code="0">0</subfield>
    <subfield code="1">0</subfield>
    <subfield code="4">0</subfield>
    <subfield code="7">0</subfield>
    <subfield code="a">TATCL</subfield>
    <subfield code="b">TATCL</subfield>
    <subfield code="c">GEN</subfield>
    <subfield code="d">2023-05-24</subfield>
    <subfield code="l">0</subfield>
    <subfield code="o">526.9 DUG</subfield>
    <subfield code="p">58604</subfield>
    <subfield code="r">2023-05-24</subfield>
    <subfield code="t">2</subfield>
    <subfield code="w">2023-05-24</subfield>
    <subfield code="y">BK</subfield>
  </datafield>
  <datafield tag="952" ind1=" " ind2=" ">
    <subfield code="0">0</subfield>
    <subfield code="1">0</subfield>
    <subfield code="4">0</subfield>
    <subfield code="7">0</subfield>
    <subfield code="a">TATCL</subfield>
    <subfield code="b">TATCL</subfield>
    <subfield code="c">GEN</subfield>
    <subfield code="d">2023-05-24</subfield>
    <subfield code="l">0</subfield>
    <subfield code="o">526.9 DUG</subfield>
    <subfield code="p">58605</subfield>
    <subfield code="r">2023-05-24</subfield>
    <subfield code="t">2</subfield>
    <subfield code="w">2023-05-24</subfield>
    <subfield code="y">BK</subfield>
  </datafield>
  <datafield tag="952" ind1=" " ind2=" ">
    <subfield code="0">0</subfield>
    <subfield code="1">0</subfield>
    <subfield code="4">0</subfield>
    <subfield code="7">0</subfield>
    <subfield code="a">TATCL</subfield>
    <subfield code="b">TATCL</subfield>
    <subfield code="c">GEN</subfield>
    <subfield code="d">2023-05-24</subfield>
    <subfield code="l">0</subfield>
    <subfield code="o">526.9 DUG</subfield>
    <subfield code="p">58828</subfield>
    <subfield code="r">2023-05-24</subfield>
    <subfield code="t">2</subfield>
    <subfield code="w">2023-05-24</subfield>
    <subfield code="y">BK</subfield>
  </datafield>
  <datafield tag="952" ind1=" " ind2=" ">
    <subfield code="0">0</subfield>
    <subfield code="1">0</subfield>
    <subfield code="4">0</subfield>
    <subfield code="7">0</subfield>
    <subfield code="a">TATCL</subfield>
    <subfield code="b">TATCL</subfield>
    <subfield code="c">GEN</subfield>
    <subfield code="d">2023-05-24</subfield>
    <subfield code="l">0</subfield>
    <subfield code="o">526.9 DUG</subfield>
    <subfield code="p">58829</subfield>
    <subfield code="r">2023-05-24</subfield>
    <subfield code="t">2</subfield>
    <subfield code="w">2023-05-24</subfield>
    <subfield code="y">BK</subfield>
  </datafield>
  <datafield tag="952" ind1=" " ind2=" ">
    <subfield code="0">0</subfield>
    <subfield code="1">0</subfield>
    <subfield code="4">0</subfield>
    <subfield code="7">0</subfield>
    <subfield code="a">TATCL</subfield>
    <subfield code="b">TATCL</subfield>
    <subfield code="c">GEN</subfield>
    <subfield code="d">2023-05-24</subfield>
    <subfield code="l">1</subfield>
    <subfield code="o">526.9 DUG</subfield>
    <subfield code="p">58830</subfield>
    <subfield code="q">2022-07-25</subfield>
    <subfield code="r">2024-01-31</subfield>
    <subfield code="s">2024-01-31</subfield>
    <subfield code="t">2</subfield>
    <subfield code="w">2023-05-24</subfield>
    <subfield code="y">BK</subfield>
  </datafield>
  <datafield tag="952" ind1=" " ind2=" ">
    <subfield code="0">0</subfield>
    <subfield code="1">0</subfield>
    <subfield code="4">0</subfield>
    <subfield code="7">0</subfield>
    <subfield code="a">TATCL</subfield>
    <subfield code="b">TATCL</subfield>
    <subfield code="c">GEN</subfield>
    <subfield code="d">2023-05-24</subfield>
    <subfield code="l">0</subfield>
    <subfield code="o">526.9 DUG</subfield>
    <subfield code="p">58831</subfield>
    <subfield code="r">2023-05-24</subfield>
    <subfield code="t">2</subfield>
    <subfield code="w">2023-05-24</subfield>
    <subfield code="y">BK</subfield>
  </datafield>
  <datafield tag="952" ind1=" " ind2=" ">
    <subfield code="0">0</subfield>
    <subfield code="1">0</subfield>
    <subfield code="4">0</subfield>
    <subfield code="7">0</subfield>
    <subfield code="a">TATCL</subfield>
    <subfield code="b">TATCL</subfield>
    <subfield code="c">GEN</subfield>
    <subfield code="d">2023-05-24</subfield>
    <subfield code="l">0</subfield>
    <subfield code="o">526.9 DUG</subfield>
    <subfield code="p">58832</subfield>
    <subfield code="r">2023-05-24</subfield>
    <subfield code="t">2</subfield>
    <subfield code="w">2023-05-24</subfield>
    <subfield code="y">BK</subfield>
  </datafield>
  <datafield tag="952" ind1=" " ind2=" ">
    <subfield code="0">0</subfield>
    <subfield code="1">0</subfield>
    <subfield code="4">0</subfield>
    <subfield code="7">0</subfield>
    <subfield code="a">TATCL</subfield>
    <subfield code="b">TATCL</subfield>
    <subfield code="c">GEN</subfield>
    <subfield code="d">2023-05-24</subfield>
    <subfield code="l">0</subfield>
    <subfield code="o">526.9 DUG</subfield>
    <subfield code="p">58833</subfield>
    <subfield code="r">2023-05-24</subfield>
    <subfield code="t">2</subfield>
    <subfield code="w">2023-05-24</subfield>
    <subfield code="y">BK</subfield>
  </datafield>
  <datafield tag="999" ind1=" " ind2=" ">
    <subfield code="c">54977</subfield>
    <subfield code="d">54977</subfield>
  </datafield>
</record>
